[Event "Wch U12 Girls"]
[Site "Batumi"]
[Date "2022.09.20"]
[Round "5"]
[White "Misheel, Bold"]
[Black "Sordia, Marta"]
[Result "0-1"]
[WhiteElo "1593"]
[BlackElo "1363"]
[PlyCount "57"]
[EventDate "2022.09.16"]
[EventType "swiss"]
[EventRounds "11"]
[EventCountry "GEO"]
[SourceTitle "EXT 2023"]
[Source "ChessBase"]
[SourceDate "2022.10.05"]
[SourceVersion "1"]
[SourceVersionDate "2022.10.05"]
[SourceQuality "1"]

1. e4 c5 2. Nc3 e6 3. a3 Nc6 4. Bc4 Nf6 5. d3 d5 6. exd5 exd5 7. Ba2 Be7 8. Nge2 0-0 9. 0-0 h6 10. Bf4 a6 11. Re1 Be6 12. Ng3 Bd6 13. Bxd6 Qxd6 14. h3 Ne7 15. Qf3 Ng6 16. Nh5 Nxh5 17. Qxh5 Rad8 18. Re3 Qb6 19. Nd1 Rfe8 20. Qe2 Qc7 21. f3 Qg3 22. Qe1 Qg5 23. Kh1 Nf4 24. Qg1 d4 25. Re1 Bxa2 26. Rxe8+ Rxe8 27. Nf2 Bd5 28. c4 dxc3 29. bxc3 0-1